LEADER 01665nam 2200577Ia 450 001 9910453962503321 005 20200520144314.0 010 $a1-282-86411-4 010 $a9786612864117 010 $a0-7735-7385-2 035 $a(CKB)1000000000521375 035 $a(SSID)ssj0000281662 035 $a(PQKBManifestationID)11253970 035 $a(PQKBTitleCode)TC0000281662 035 $a(PQKBWorkID)10306137 035 $a(PQKB)11016899 035 $a(CaPaEBR)400826 035 $a(MiAaPQ)EBC3245496 035 $a(MiAaPQ)EBC3331283 035 $a(Au-PeEL)EBL3331283 035 $a(CaPaEBR)ebr10141956 035 $a(CaONFJC)MIL286411 035 $a(OCoLC)929121654 035 $a(EXLCZ)991000000000521375 100 $a19940121d1994 uy 0 101 0 $aeng 135 $aurcn||||||||| 181 $ctxt 182 $cc 183 $acr 200 10$aMalaysian development$b[electronic resource] $ea retrospective /$fMartin Rudner 210 $aOttawa $cCarleton University Press$d1994 215 $axvi, 406 p. ;$d24 cm 300 $aBibliographic Level Mode of Issuance: Monograph 311 $a0-88629-221-2 311 $a0-88629-220-4 320 $aIncludes bibliographical references. 606 $aEconomic history 607 $aMalaysia$xEconomic policy 607 $aMalaysia$xEconomic conditions 608 $aElectronic books. 615 0$aEconomic history. 676 $a338.9595 700 $aRudner$b Martin$0970490 801 0$bMiAaPQ 801 1$bMiAaPQ 801 2$bMiAaPQ 906 $aBOOK 912 $a9910453962503321 996 $aMalaysian development$92205872 997 $aUNINA LEADER 02550nas 2200637-a 450 001 9910333112303321 005 20240824213016.0 011 $a1873-135X 035 $a(DE-599)ZDB1491099-8 035 $a(CKB)954925426225 035 $a(CONSER)---64009436- 035 $a(EXLCZ)99954925426225 100 $a20750901b19642012 --- a 101 0 $aeng 181 $ctxt$2rdacontent 182 $cc$2rdamedia 183 $acr$2rdacarrier 200 00$aMutation research 210 $aAmsterdam $cElsevier Pub. Co.$d1964-2012 215 $a1 online resource 300 $aRefereed/Peer-reviewed 300 $aBeginning in 1973, issues have separately titled sections: DNA repair reports, 1983-1989; DNA repair, 1989-2001; Mutation research letters, 1981-1995; Fundamental and molecular mechanisms of mutagenesis, 1988-2012; Environmental mutagenesis and related subjects, 1973-1996; Genetic toxicology and environmental mutagenesis, 1997-<2005>; Genetic toxicology testing, 1976-1987; Genetic toxicology testing and biomonitoring of environmental or occupational exposure, 1988-1994; Genetic toxicology, 1994-1996; DNAging : genetic instability and aging, 1989-1995; Reviews in genetic toxicology, 1975-1996; Reviews in mutation research, 1997-2012; Mutation research genomics, 1997-2001, all in a single numbering sequence; Genetic toxicology and environmental mutagenesis, <2010->2012. 311 $a0027-5107 531 $aMUTATION RESEARCHGENETIC TOXICOLOGY 531 $aMUTAT RES 531 $aMUTAT RES-FUND MOL M 531 0 $aMutat. res. 606 $aGenetics$vPeriodicals 606 $aChromosomes$vPeriodicals 606 $aChromosome Aberrations 606 $aMutation 606 $aGénétique$vPériodiques 606 $aChromosomes$2fast$3(OCoLC)fst00860066 606 $aGenetics$2fast$3(OCoLC)fst00940117 606 $aChromosomes$2homoit$3https://homosaurus.org/v3/homoit0000266 608 $aPeriodical. 608 $aFulltext. 608 $aPeriodicals. 608 $aInternet Resources. 608 $aPeriodicals.$2fast 608 $aPeriodicals.$2lcgft 608 $aPeriodicals.$2rbgenr 615 0$aGenetics 615 0$aChromosomes 615 2$aChromosome Aberrations. 615 2$aMutation. 615 6$aGénétique 615 7$aChromosomes. 615 7$aGenetics. 615 7$aChromosomes. 676 $a575.05 906 $aJOURNAL 912 $a9910333112303321 920 $aexl_impl conversion 996 $aMutation research$9792823 997 $aUNINA